Score 0/7 Timer 10:00
0 Plays Today
% Correct
Alice in Wonderland
100%
Toad of Toad Hall
6.7%
The Enchanted Castle
0%
Katie and the Starry Night
0%
George's Marvellous Medicine
0%
0%
0%

You're not logged in!

Compare scores with friends on all Sporcle quizzes.
OR
Log In

Sporcle TV

Today on Sporcle TV


Watch our educational content, quiz creation guides, and fun videos on Sporcle TV.

Show Comments

Extras

Created Oct 9, 2018SourceReportNominate
Tags:Book Quiz, bench

Top Quizzes Today


Score Distribution

Paid Content

Your Account Isn't Verified!

In order to create a playlist on Sporcle, you need to verify the email address you used during registration. Go to your Sporcle Settings to finish the process.

Report this User

Report this user for behavior that violates our Community Guidelines.

Details: